| 000 | 00944nam a2200277 i 4500 | ||
|---|---|---|---|
| 003 | DO-SdBNP | ||
| 005 | 20260626154703.0 | ||
| 007 | ta | ||
| 008 | 260626b2022 rd a|||er|||| 00| 0 spa d | ||
| 020 | _a9789945181166 | ||
| 040 |
_aDO-SdBNP _bspa _cBNPHU _erda |
||
| 041 | _aspa | ||
| 082 |
_axxx _bSu939d _222 |
||
| 100 |
_aSuazo, Angela _eautor, _4aut. _980651 |
||
| 245 |
_aDátiles de tierra y sal: _bLa orilla donde está sembrada mi alma/ _cAngela Suazo, Maria Carla Picón, edición |
||
| 264 |
_aSanto Domingo, Republica Dominicana; _bEditora Búho, _c©2022 |
||
| 300 |
_a98 páginas; _bIlustraciones, _c21 cm. |
||
| 336 |
_atexto _btxt _2rdacontent |
||
| 337 |
_asin mediación _bn _2rdamedia |
||
| 338 |
_avolumen _bnc _2rdacarrier |
||
| 590 | _aInventariado 2026/A.G. | ||
| 700 |
_aCarla Picon, Maria _eedición _4edi. _990403 |
||
| 700 |
_aRodriguez Botier, Hermis _eDiagramación _984160 |
||
| 910 | _aA. González | ||
| 942 |
_2ddc _cLBS1 |
||
| 999 |
_c60960 _d60960 |
||